1971 1505 1231 1501 1696 1590 1486 1525 1139 1622 1379 1531 1873 1014 1838 1311 1276 1999 1974 1040 1948 1399 1554 1905 1755 1243 1413 1519 1525 1777 1474 1171 1905 1259 1670 1546 1930 1049 1868 1177 1480 1757 1193 1180 1810 1081 1044 1034 1422 1826 1593 1709 1317 1006 1712 1808 1604 1086 1842 1517 1223 1936 1852 1216 1264 1366 1414 1380 1832 1917 1572 1737 1290 1974 1089 1783 1089 1580 1688 1215 1838 1810 1655 1985 1578 1031 1626 1326 1590 1048 1791 1992 1549 1822 1367 1189 1618 1457 1189 BCNSPRNW ULIB Ver.6.0+V

เปลี่ยนเป็นภาษาไทย

Change to English
 แสดงรายละเอียดบรรณานุกรม
  กลับหน้าหลัก

Brief Record : Get Marc (ISO 2709) : E-mail record : QR code < ปิดหน้าต่าง
LEADER : 00000nam 2200000uu 4500
001    13399120646
003     ULIB
008    121002s2547||||th 000 0 tha d
020    ^a9746132741 (ล.2)
050  0 ^a BL2075^bส747อ ล.2
110 2  ^aมหาวิทยาลัยสุโขทัยธรรมาธิราช
245 10 ^aความเชื่อและศาสนาในสังคมไทย หน่วยที่ 8-15=^bBeliefs and religions in Thai society /^cมหาวิทยาลัยสุโขทัยธรรมาธิราช
246 31 ^aBeliefs and religions in Thai society
250    ^aพิมพ์ครั้งที่ 6
260    ^aนนทบุรี :^bสำนักพิมพ์มหาวิทยาลัยสุโขทัยธรรมาธิราช,^c2547
300    ^a2 ล. ;^c30 ซม.
500    ^aเอกสารการสอนชุดวิชา 12304 หน่วยที่ 1-7, 8-15 -- หน้าปกใน
650  4 ^aความเชื่อ
650  4 ^aศาสนา^xไทย
650  4 ^aศาสนากับสังคม
945    ^p0^l0^i24413
995    ^aวิภา
999 ^a ทศพร
รายการนี้ยังไม่มีแท็ก
คุณยังไม่ได้ล็อกอิน คุณสามารถมีกิจกรรมร่วมกับเว็บไซต์ได้ แต่ต้องล็อกอินก่อน ::
  ล็อกอิน

รายการสื่อสารสนเทศ

ลำดับที่ ประเภท เลขเรียก/บาร์โค้ด สถานที่ สถานะ
1. วิทยาศาสตร์การแพทย์ และสุขภาพ
วิทยาศาสตร์การแพทย์ และสุขภาพ
BL2075 ส747อ ล.2  
  Barcode: 24413
ห้องสมุดวิทยาเขตสวรรค์ประชารักษ์
►หนังสือทั่วไป
บนชั้น

รายการใกล้เคียง
    หัวเรื่อง [ความเชื่อ]
    หัวเรื่อง [ศาสนากับสังคม]

BibComment


ยังไม่เคยถูกคอมเมนท์

คอมเมนท์ทรัพยากรรายการนี้
  คอมเมนท์: ความเชื่อและศาสน..


 Copyright 2026. Bcnsprnw @Library